Dutch National Team - 2006 - Statistics

General Stats
  • This quiz has been taken 17 times
  • The average score is 15 of 23
Answer Stats
Picture Answer % Correct
Dirk Kuijt
100%
Wesley Sneijder
100%
Arjen Robben
94%
Edwin van der Sar
94%
Mark van Bommel
94%
Robin van Persie
94%
Giovanni van Bronckhorst
88%
Rafael van der Vaart
88%
Maarten Stekelenburg
81%
John Heitinga
75%
Philip Cocu
75%
Joris Mathijsen
69%
Khalid Boulahrouz
63%
Ryan Babel
63%
Ruud van Nistelrooij
56%
André Ooijer
50%
Jan Vennegoor of Hesselink
50%
Denny Landzaat
44%
Hedwiges Maduro
44%
Henk Timmer
38%
Jan Kromkamp
19%
Tim de Cler
19%
Kew Jaliens
13%
No matching quizzes found
Score Distribution
Percent of People with Each Score
Percentile by Number Answered
Your Score History
You have not taken this quiz